Governadores do Brasil - Statistics

Estatísticas Gerais
  • Esse quiz foi jogado 199 vezes
    150 desde o último reset
  • A pontuação média é 15 de 27
Estatísticas das Respostas
Imagem Hint Resposta % Correto
Paraná - (PSD) Ratinho Jr
90%
São Paulo - (REPUBLICANOS) Tarcísio de Freitas
89%
Minas Gerais - (NOVO) Romeu Zema
86%
Mato Grosso do Sul - (UNIÃO) Eduardo Riedel
85%
Goiás - (UNIÃO) Ronaldo Caiado
82%
Rio Grande do Sul - (PSDB) Eduardo Leite
77%
Rio de Janeiro - (PL) Cláudio Castro
71%
Bahia - (PT) Jerônimo Rodrigues
70%
Pernambuco - (PSDB) Raquel Lyra
70%
Pará - (MDB) Hélder Barbalho
65%
Rio Grande do Norte - (PT) Fátima Bezerra
60%
Distrito Federal - (MDB) Ibaneis Rocha
60%
Espírito Santo - (PSB) Renato Casagrande
58%
Santa Catarina - (PL) Jorginho Melo
50%
Amazonas - (UNIÃO) Wilson Lima
49%
Ceará - (PT) Elmano de Freitas
43%
Alagoas - (MDB) Paulo Dantas
43%
Roraima - PP) Antônio Denarium
40%
Sergipe - (PSD) Fábio Mitidieri
40%
Acre - (PP) Gladson Cameli
40%
Paraíba - (Cidadania) João Azevedo
40%
Piauí - (PT) Rafael Fonteles
38%
Maranhão - (PSB) Carlos Brandão
36%
Tocantins - (REPUBLICANOS) Wanderlei Barbosa
34%
Amapá - (Solidariedade) Clécio Luís
33%
Rondônia - (UNIÃO) Marcos Rocha
33%
Mato Grosso - (UNIÃO) Mauro Mendes
32%
Nenhum quiz correspondente encontrado
Distribuição das Pontuações
Porcentagem de Pessoas com Cada Pontuação
Percentil de Números Respondidos
Sua Pontuação Histórica
Você não jogou esse quiz desde o último reset